| 000 -ლიდერი |
| ფიქსირებული სიგრძის საკონტროლო ველი |
01207nam a2200241Ia 4500 |
| 001 - საკონტროლო ნომერი |
| საკონტროლო ველი |
2456 |
| 003 - საკონტროლო ნომრის იდენტიფიკატორი |
| საკონტროლო ველი |
GE_BSU |
| 005 - ბოლო ოპერაციის თარიღი და დრო |
| საკონტროლო ველი |
20211122130239.0 |
| 008 - ფიქსირებული სიგრძის მონაცემთა ელემენტები - ზოგადი ინფორმაცია |
| ფიქსირებული სიგრძის საკონტროლო ველი |
181216s2007||||ge |||||||||||||| ||geo|| |
| 040 ## - კატალოგიზაციის წყარო |
| Transcribing agency |
GE_BSU |
| 041 ## - ენის კოდი |
| Language code of text/sound track or separate title |
geo |
| 080 ## - უნივერსალური ათობითი კლასიფიკაციის ინდექსი |
| Universal Decimal Classification number |
342.9(479.22)(094.4) ს-32 |
| 100 ## - მთავარი ჩანაწერი - პიროვნების სახელი |
| Personal name |
ავტ:კოლ.გიორგაძე,გ,კოპალეიშვილი,მ,ლორია,ა,და სხვ... |
| 9 (RLIN) |
12996 |
| 245 ## - ცნობა სათაურის შესახებ |
| Title |
საქართველოს ადმინისტრაციული საპროცესო კოდექსის კომენტარი / |
| Statement of responsibility, etc |
გ. გიორგაძე, მ. კოპალეიშვილი, ა. ლორია [და სხვ.] ; [რედ. ვ. ლორია]. |
| 264 ## - წარმოების, გამოცემის, დისტრიბუციის და სხვა ცნობები |
| გამოცემის, წარმოების, დისტრიბუციის... ადგილი |
თბილისი : |
| გამოცემის, წარმოების, დისტრიბუციის... სახელწოდება |
ბონა კაუზა, |
| გამოცემის, წარმოების, დისტრიბუციის... თარიღი |
2007. |
| 300 ## - ფიზიკური აღწერა |
| Extent |
317გვ. ; |
| Other physical details |
20სმ. |
| 653 ## - INDEX TERM--UNCONTROLLED |
| Uncontrolled term |
სამართალი |
| 700 ## - ADDED ENTRY--PERSONAL NAME |
| Personal name |
გიორგაძე, გ. |
| Relator term |
ავტორი |
| 9 (RLIN) |
12997 |
| 700 ## - ADDED ENTRY--PERSONAL NAME |
| Personal name |
კოპალეიშვილი, მ. და სხვ. |
| Relator term |
ავტორი |
| 9 (RLIN) |
12998 |
| 700 ## - ADDED ENTRY--PERSONAL NAME |
| Personal name |
ლორია, ვ. |
| Relator term |
რედაქტორი |
| 9 (RLIN) |
6812 |
| 942 ## - ADDED ENTRY ELEMENTS (KOHA) |
| Koha item type |
წიგნი |
| Source of classification or shelving scheme |
|